00480 2200181 4500245008300000250001100083100001400094700002300108700002600131700002500157650001600182005001900198041001400217084001100231300001100242500003600253336000900289 aLaporan Kegiatan Prakerin di Luminor Hotel Kota Jakarta BaratcKasfayailhText aCet. 1 aKasfayail aNur Fitri Az Zahra aPandu Maulana Sukarno aRahmah Chaerul Nissa aLaporan PKL a20231030133250 aIndonesia a378.34 a2022 : aLaporan PKL kelas XI Perhotelan atext